Philosophica critica medzinárodný vedecký filozofický časopis = international scientific journal of philosophy

Na minha lista:
Detalhes bibliográficos
Formato: Periódico
Idioma:eslovaco
Publicado em: Nitra Filozofická fakulta Univerzity Konštantína Filozofa v Nitre 2015
Assuntos:
Tags: Adicionar Tag
Sem tags, seja o primeiro a adicionar uma tag!

MARC

LEADER 00000nas2a2200000 4500
001 0262662
005 20200226102644.1
022 |a 1339-8970 
041 0 |a slo 
044 |a SK 
245 1 0 |a Philosophica critica  |b medzinárodný vedecký filozofický časopis = international scientific journal of philosophy 
264 1 |a Nitra  |b Filozofická fakulta Univerzity Konštantína Filozofa v Nitre  |c 2015 
500 |a chýba č. 1 
773 0 |w eu_un_cat*0222808 
610 2 0 |a filozofia 
610 2 0 |a morálka 
610 2 0 |a spoločnosť 
610 2 0 |a pluralizmus 
610 2 0 |a práva ľudské